000 00396nam a2200133Ia 4500
003 GCL
008 140319s9999 xx 000 0 ara d
040 _aGCL /
_cGCL
082 0 4 _a956.5
_bس د
245 1 0 _aدمشق الشام: لمحة تاريخية من العصور القديمة حتى عهد الانتراب
260 _a[S.N] :
_bلا يوجد ،
_c1989
300 _a141 ص
490 _a
999 _c34949
_d34949